00825nab a2200277 uc450000100070000000500170000700800410002403500110006503500210007604000130009704100080011010000370011824500520015565000410020765000270024865000180027565000230029365000180031665000260033465000250036065000260038570000440041177300630045594200100051899900190052863822620240817091348.0001125s1999 spa  a638226 a(OCoLC)819862407 ccomduadb aspa10aUhlemann, Jens4auteaut933357910aAromas encapsulados para productos inteligentes 7aIndustria alimentaria2agrovoc99878 aEncapsulación973316 aAromas920354 aSolubilidad944661 aAromas920354 aAglomeración938764 aGranulación934710 aRevestimientos93787410aSchleifenbaum, Birgit4auteaut93335800 tContact (Holzminden)gNo. 79, 1999, p. 4-8w126297070196 cARIMP c168795d168795